Annals of Scientific Society for Assembly, Handling and Industrial Robotics 2021 (Record no. 17182)
[ view plain ]
| 000 -LEADER | |
|---|---|
| fixed length control field | 00572nam a2200121Ia 4500 |
| 008 - FIXED-LENGTH DATA ELEMENTS--GENERAL INFORMATION | |
| fixed length control field | 220615s9999||||xx |||||||||||||| ||und|| |
| 245 #0 - TITLE STATEMENT | |
| Title | Annals of Scientific Society for Assembly, Handling and Industrial Robotics 2021 |
| 546 ## - LANGUAGE NOTE | |
| Language note | English[eng] |
| 650 ## - SUBJECT ADDED ENTRY--TOPICAL TERM | |
| Topical term or geographic name entry element | Open Access||Assembly Processes & Systems||Handling & Grasping||Modelling & Simulation||Human-robot-collaboration||Industrial Robotics |
| 700 ## - ADDED ENTRY--PERSONAL NAME | |
| Personal name | Schüppstuhl, Thorsten||Tracht, Kirsten||Raatz, Annika |
| 856 ## - ELECTRONIC LOCATION AND ACCESS | |
| Uniform Resource Identifier | <a href="https://library.oapen.org/bitstream/20.500.12657/52428/1/978-3-030-74032-0.pdf">https://library.oapen.org/bitstream/20.500.12657/52428/1/978-3-030-74032-0.pdf</a> |
| 942 ## - ADDED ENTRY ELEMENTS (KOHA) | |
| Koha item type | E-Books |
| Withdrawn status | Lost status | Damaged status | Not for loan | Home library | Current library | Date acquired | Total Checkouts | Date last seen | Price effective from | Koha item type |
|---|---|---|---|---|---|---|---|---|---|---|
| Kerala University of Digital Sciences, Innovation and Technology Knowledge Centre | Kerala University of Digital Sciences, Innovation and Technology Knowledge Centre | 15/06/2022 | 15/06/2022 | 15/06/2022 | E-Books |